| 000 | 00342 a2200145 4500 | ||
|---|---|---|---|
| 001 | 155577 | ||
| 040 | _cEscola São Tomás de Aquino | ||
| 100 | _aVASCONCELOS, Adson | ||
| 240 | 1 | 0 |
_aAprender juntos português _lpor |
| 245 | 1 | 0 | _aAprender juntos português |
| 300 | _a272 | ||
| 362 | 0 | _a2010 | |
| 697 | _aLíngua portuguesa | ||
| 942 | _cBK | ||
| 999 |
_c155577 _d155577 |
||